000 00525nam a22001577a 4500
999 _c533446
_d533446
020 _qHard Cover.
082 _a624.1
100 _aIftikhar, Bilal
245 _aEffects of Indian Structural Interventions on River Indus Flows /
_cBilal Iftikhar.
260 _aIslamabad:
_bSCEE - NUST,
_c2010.
300 _a61 p. :
_bill. ;
_c30cm.
942 _2ddc
_cTHE
650 _aWater Resource Engineering and Management MS-Thesis
_927179
700 _aDr. Hamza Farooq
_927180